| 000 | 00451nam a2200157Ia 4500 | ||
|---|---|---|---|
| 003 | SGT | ||
| 020 | _a9789380027630 | ||
| 082 |
_a621 _bKUM |
||
| 100 | _aKumar,D.S | ||
| 245 | _aBasics of Mechanical engineering | ||
| 260 |
_bS.K. Kataria & SONS _aN.Delhi _c2009 |
||
| 300 | _a474p. | ||
| 650 | _aMECHANICAL ENGINEERING | ||
| 653 | _aBASIC CONCEPTS AND LAWS OF THERMODYNAMICS ,STEAM AND ITS PROPERTIES , HYDRAULIC TURBINES AND PUMPS | ||
| 942 |
_2ddc _cBK |
||
| 999 |
_c4909 _d4909 |
||